“海南鸡”地点数量≥100的地级行政区 Prefectures with ≥100 Hainan chicken sites - Statistics

General Stats
  • This quiz has been taken 55 times
  • The average score is 6 of 8
Answer Stats
地级行政区 数量 % Correct
海口 428
100%
三亚 399
100%
广州 313
98%
深圳 257
94%
东莞 140
84%
上海 186
78%
文昌 124
49%
汕头 102
33%
No matching quizzes found
Score Distribution
Percent of People with Each Score
Percentile by Number Answered
Your Score History
You have not taken this quiz